00272aam a2200097 4500082001500000100002000015245007200035260002700107300000900134653003100143 aT19x54 In2 aBakshi, Santosh aEconomic growth in india and its many dimensionscby santosh Bakshi aNew DelhibUppalc2018 a523p aCivil ServiceaBureaucracy